Science illustrated

Detalles Bibliográficos
Formato: Electrónico Revista
Lenguaje:inglés
Publicado: McLean, Va. : Communications Solutions Inc.
Edición:Physician ed.
Materias:
Acceso en línea:Full text available from Research Library: 01/01/2012 to 03/31/2013

MARC

LEADER 00000nas a2200000 a 4500
001 ssj0000522924
003 WaSeSS
005 20200512172242.0
006 m d
007 cr n
008 880302c19uu9999vaubr p s 0 a0eng
010 |a  88640992  
022 |l 0897-8581  |y 0897-8581 
035 |a (WaSeSS)ssj0000522924 
037 |b Communications Solutions Inc., 8428 Holly Leaf Drive, McLean, Va. 22102 
040 |a DLC  |b eng  |c DLC  |d NSD  |d DLC  |d OCLCQ  |d ZQP  |d OCLCQ  |d OCLCO  |d OCLCQ  |d OCLCF  |d OCLCO  |d CUS  |d WaSeSS 
042 |a pcc  |a nsdp 
050 0 0 |a Q162  |b .S4125 
082 0 0 |a 505  |2 19 
130 0 |a Science illustrated (McLean, Va.) 
222 0 |a Science illustrated  |b (McLean, Va.) 
245 1 0 |a Science illustrated  |h [electronic resource]. 
250 |a Physician ed. 
260 |a McLean, Va. :  |b Communications Solutions Inc. 
310 |a Bimonthly 
500 |a <Vol. 2, no. 1-> published by: Science Illustrated, L.P. 
500 |a No other eds.; called "Physician ed." to specify intended audience." 
506 |a License restrictions may limit access. 
588 |a Description based on: Vol. 1, no. 2 (Apr./May 1987); title from cover. 
588 |a Latest issue consulted: Vol. 2, no. 1 (Feb./Mar. 1988). 
650 0 |a Science  |v Popular works  |v Periodicals. 
650 0 |a Science  |v Periodicals. 
650 7 |a Science.  |2 fast  |0 (OCoLC)fst01108176 
655 0 |a Electronic journals. 
850 |a DLC 
856 4 0 |z Full text available from Research Library: 01/01/2012 to 03/31/2013  |u https://search.proquest.com/publication/1686352